| 000 | 00781nam a2200265 a 4500 | ||
|---|---|---|---|
| 001 | 37721 | ||
| 003 | AR-BaAGN | ||
| 005 | 20231116145353.0 | ||
| 007 | ta | ||
| 008 | 220625s1973 ag |||||r|||| ||||||spa d | ||
| 040 |
_dAR-BaAGN _aAR-BaAGN _bspa _eaacr |
||
| 110 | 1 | _aConsejo Federal de Inversiones (Buenos Aires) | |
| 245 | 1 | 0 | _aAlgunos aspectos cuantitativos de la población extranjera originaria de países limítrofes |
| 250 | _a1ª ed. | ||
| 260 |
_aBuenos Aires : _bConsejo Federal de Inversiones, _c1973. |
||
| 300 |
_a66 páginas : _btablas |
||
| 336 |
_2rdacontent _btxt |
||
| 337 |
_2rdamedia _bn |
||
| 338 |
_2rdacarrier _bnc |
||
| 490 | 0 |
_aSerie técnica ; _v19 |
|
| 650 | 4 |
_aMIGRACIÓN _91828 |
|
| 650 | 4 |
_aECONOMÍA _91656 |
|
| 942 | _cLIBRO | ||
| 999 |
_c37721 _d37721 |
||